00865pam a2200277 ia4500001001400000003000400014005001700018008004100035015001400076020002300090020003800113040002900151082001700180100003500197245004800232264005700280300004700337336002100384337002500405338002300430490002900453650003000482650002800512650001800540830002900558vtls000884710PNM20210117225706.0190903s2020 my a j 000 1 may  aM20-02981 a9789670975788qset a9789670975801qpaperbackcRM23.62 aBNMbengcBNMerdadPPAK04a899.23332230 aRuzaini Ahmad,d1986-eauthor.10aKEJAYAAN PERTAMA DHARSHENE /cRuzaini Ahmad 1aKuching, Sarawak :bANUGERAH PUBLICATIONS, c[2020?] a46 pages :bcolour illustrations ;c22 cm. atext2rdacontent aunmediated2rdamedia avolume2rdacarrier1 aTELADAN GENERASI BESTARI10aChildren's stories, Malay24aDidactic fiction, Malay20aMalay fiction 0aTeladan generasi bestari